000 00390nam a22001457a 4500
999 _c1519
_d1519
008 200124b ||||| |||| 00| 0 eng d
020 _a8173190593
082 0 0 _a005.3684
_bM1232
100 _91153
_aMcCarthy, Tim
245 1 0 _aAuto CAD for windows express /
_cby Tim McCarthy
260 _aNew Delhi:
_bBPB Publication,
_c1995.
300 _axiii, 314 p.
650 0 _aAuto CAD
942 _cBK